| 000 | 00404nam a2200181Ia 4500 | ||
|---|---|---|---|
| 008 | 220531s9999 xx 000 0 und d | ||
| 041 | _aeng | ||
| 082 | _bTIL | ||
| 100 |
_aTilak, Raghukul _948249 |
||
| 245 | _aShe Stoops To Conguer | ||
| 250 | _a13th | ||
| 260 |
_bRama _c2004 |
||
| 300 | _a341 | ||
| 542 | _d31-03-2006 | ||
| 650 |
_aEnglish _948250 |
||
| 906 | _d2005-2006 | ||
| 999 |
_c28251 _d28251 |
||